000 00500 a2200205 4500
005 20260214111114.0
008 260212b |||||||| |||| 00| 0 eng d
020 _a9789391542757
_cRs. 995.00
040 _aMAIN
082 _a796.027
_bU30
100 _aUpadhye, Jyoti A
110 _a
245 _aOfficiating and coaching
260 _bCurrent Publications
_c2024
_aAgra
300 _avii, 278
650 _aPhysical Education
650 _aAthletic
650 _aSports
942 _cBK
999 _c394128
_d394128